Habitatge i mobilitat residencial : primeres dades de l'enquesta de condicions de vida i hàbits de la població de Catalunya, 2006 primeres dades de l'enquesta de condicions de vida i hàbits de la població de Catalunya, 2006
MARC
| LEADER | 00000nam a2200000Ia 4500 | ||
|---|---|---|---|
| 001 | 23993 | ||
| 008 | 160829s2007 xx 000 0 cat d | ||
| 020 | |a 9788488068873 | ||
| 080 | |a Bib-128 | ||
| 245 | |a Habitatge i mobilitat residencial : |b primeres dades de l'enquesta de condicions de vida i hàbits de la població de Catalunya, 2006 | ||
| 260 | |a Barcelona : |b Institut d'Estudis Regionals i Metropolitans de Barcelona, |c 2007 | ||
| 300 | |a 115 p. : |b mapes., gràf., taules; |c 30 cm | ||
| 490 | |a Papers (Institut d'Estudis Regionals i Metropolitans de Barcelona) ; 46 | ||
| 590 | |a A la portada : Federació de Municipis de Catalunya, Mancomunitat de Municipis de l'Àrea Metropolitana de Barcelona, Ajuntament de Barcelona, Diputació de Barcelona, Xarxa de municipis, Generalitat de Catalunya. | ||
| 590 | |a Text en català, castellà i anglès | ||
| 650 | |a Habitatge -- Barcelona (Catalunya : Àrea metropolitana) |x Enquestes |x 2006 |9 49863 | ||
| 650 | |a Habitatge -- Barcelona (Catalunya : Àrea metropolitana) – Enquestes |9 49864 | ||
| 650 | |a Habitatge -- Barcelona (Província) |x Enquestes I |9 49865 | ||
| 650 | |a Mobilitat residencial |x Barcelona (Catalunya |9 49866 | ||
| 710 | |a Institut d'Estudis Regionals i Metropolitans de Barcelona |9 17648 | ||
| 710 | 2 | |a Mancomunitat de Municipis de l'Àrea Metropolitana de Barcelona |9 6256 | |
| 710 | 1 | |a Barcelona (Catalunya). |b Ajuntament |9 50981 | |
| 710 | |a Federació de Municipis de Catalunya |9 52168 | ||
| 901 | |a Arxiu | ||
| 942 | |n 1 | ||
| 952 | |0 0 |1 0 |4 0 |6 BIB128 |7 1 |9 55644 |a Arxiu |b Arxiu |d 2016-12-01 |l 0 |o Bib-128 |p 23993 |r 2016-12-01 00:00:00 |w 2016-12-01 |y ARXIU | ||
| 999 | |c 59517 |d 59517 | ||